Yeşil Ankara (Record no. 5954)

MARC details
000 -BAŞLIK
Sabit Uzunlukta Kontrol Alanı 00680na a2200229 4500
001 - KONTROL NUMARASI
Denetim Alanı 18990
003 - KONTROL NUMARASI IDENTIFIER
Denetim Alanı MIRAKIL
005 - SON İŞLEM TARİHİ VE ZAMANI
Denetim Alanı 20181213155052.0
008 - SABİT-BOY VERİ ELEMANLARI - GENEL BİLGİLER
Sabit Uzunlukta Kontrol Alanı 161206b tu 000 0
020 ## - ULUSLARARASI STANDART KİTAP NUMARASI
Uluslararası Standart Kitap Numarası 9786054067602
040 ## - KATALOGLAMA KAYNAK
Orijinal Kataloglama Ajansı Milas
Kataloglama Dili tur
Metne Dönüştürmek Ajansı TR-AnCHP
041 ## - DİL KODU
Metin / Ses Parça Veya Ayrı Başlığın Dil Kodu tur
082 ## - DEWEY ONLU SINIFLANDIRMA NUMARASI
Sınıflandırma Numarası 915.6511
Ürün Numarası Y37 2013
090 ## - SINIFLAMA NUMARASI
Sınıflama Numarası 915.6511 Y37 2013
245 ## - BAŞLIK TABLOSU
Başlık Yeşil Ankara
Başlığın Kalan Ankara şimdi bir başka güzel
Sorumluluk Tablosu, Vb editör: Emel Pişmaf
246 ## - UNVAN FORM VARYING
Başlık Doğru / Kısa Başlığı Ankara şimdi bir başka güzel
260 ## - YAYIN, DAĞITIM, VB
Yayın, Dağıtım, Vb Yeri Ankara
Yayıncı, Dağıtıcı, Vs Adı Ankara Büyükşehir Belediyesi
Yayın, Dağıtım, Vb Tarihi 2013
300 ## - FİZİKSEL TANIM
Kapsam [200] s.
Diğer Fiziksel Ayrıntıları fotoğ.;
Boyutlar 33 sm.
651 ## - KONU KATMA GİRİŞ - COĞRAFİ ADI
Coğrafi İsim Ankara
Genel Alt Bölümü Kent manzaraları
Kronolojik Alt Bölümü Fotoğraflar
700 ## - KATMA GİRİŞ - KİŞİSEL İSİM
Kişisel Ad Pişmaf, Emel
942 ## - EKLENDİ GİRİŞ ELEMANLARI (KOHA)
Sınıflandırma Veya Raf Düzeni Kaynak Dewey Decimal Classification
Koha Öğesi Türü Books
999 ## - SİSTEM KONTROL NUMARALARI (KOHA)
Koha Biblionumber 5954
Koha Biblioitemnumber 5954
Holdings
Kalıcı Konum Mevcut Konum Edinme Tarihi Edinim Kaynak Toplam Check-Out'Lar Tam Çağrı Numarası Barkod Tarih Son Görülme İtibaren Geçerli Fiyatlar Koha Öğesi Türü
CHP Kütüphanesi CHP Kütüphanesi 12/06/2016 Bağış   915.6511 Y37 2013 010181 12/06/2016 12/06/2016 Books